000 00760nam a2200217Ii 4500
003 JO-AjNU
008 230605s9999||||xx |||||||||||||| ||und||
017 _a1977/4451
040 _aJO-AjNU
_bara
_erda
_cJO-AjNU
041 _aara
050 1 4 _aLC191.K3 1977
100 3 _aإعداد كرم، حبيب,
_eauthor
_917402
245 0 0 _aالتعليم والتغيير الإجتماعي
264 3 1 _aالقاهرة: مكتبة الوعي العربي، 1977
300 _a143ص
336 _atext
_btxt
_2rdacontent
337 _aunmediated
_bn
_2rdamedia
338 _avolume
_bnc
_2rdacarrier
490 0 _aسلسلة التعليم في خدمة المجتمع
650 4 _aالتربية والتعليم - تعليم وتغيير إجتماعي
_917403
999 _aA5367
_c8935
_d8935